[Event "Guernsey Holiday 2013"]
[Site "Guernsey GCI"]
[Date "2013.10.25"]
[Round "6"]
[White "Van Hoek, Wim"]
[Black "O'Connell, Dennis"]
[Result "1/2-1/2"]
[WhiteElo "1700"]
[BlackElo "1488"]
[PlyCount "40"]
[EventDate "2013.10.20"]
[EventType "swiss"]
[EventRounds "7"]
[SourceDate "2013.12.14"]

1. e4 d5 2. exd5 Nf6 3. Bb5+ Nbd7 4. Nf3 Nxd5 5. d4 c6 6. Be2 g6 7. c4 N5f6 8.
Nc3 Bg7 9. h3 Qc7 10. Be3 O-O 11. Qd2 Re8 12. O-O e5 13. d5 e4 14. Bf4 Qd8 15.
Nd4 cxd5 16. cxd5 Nb6 17. d6 a6 18. Nc2 Bf8 19. Ne3 Re6 20. Rfd1 Bd7 1/2-1/2

[Event "Guernsey Holiday 2013"]
[Site "Guernsey GCI"]
[Date "2013.10.25"]
[Round "6"]
[White "Stanners, Michael"]
[Black "Bakkes, Frits"]
[Result "1-0"]
[WhiteElo "1640"]
[BlackElo "1678"]
[PlyCount "55"]
[EventDate "2013.10.20"]
[EventType "swiss"]
[EventRounds "7"]
[SourceDate "2013.12.14"]

1. d4 d5 2. e3 e6 3. f4 c5 4. c3 Nf6 5. Nf3 Nc6 6. Bd3 a6 7. a4 Qa5 8. Ne5 cxd4
9. Nxc6 bxc6 10. exd4 c5 11. O-O Bd7 12. Nd2 cxd4 13. cxd4 Rb8 14. Nf3 Be7 15.
Qe2 Bxa4 16. Bd2 Bb4 17. b3 Bxd2 18. Rxa4 Qxa4 19. bxa4 Bxf4 20. Ne5 Bh6 21.
Bxa6 O-O 22. Bd3 Rb4 23. a5 Rfb8 24. a6 Rc8 25. Ra1 Rxd4 26. a7 Ra8 27. Qb2
Be3+ 28. Kh1 1-0

[Event "Guernsey Holiday 2013"]
[Site "Guernsey GCI"]
[Date "2013.10.25"]
[Round "6"]
[White "Jongerius, Marc"]
[Black "Kershaw, Graham J"]
[Result "1/2-1/2"]
[WhiteElo "1642"]
[BlackElo "1736"]
[PlyCount "29"]
[EventDate "2013.10.20"]
[EventType "swiss"]
[EventRounds "7"]
[SourceDate "2013.12.14"]

1. e4 e6 2. d4 d5 3. Nd2 c5 4. c3 Nc6 5. Ngf3 cxd4 6. cxd4 Nge7 7. Bd3 Qb6 8.
Nb3 Bd7 9. a3 Ng6 10. O-O dxe4 11. Bxe4 Bd6 12. d5 Nce5 13. Be3 Qd8 14. dxe6
Bxe6 15. Nbd4 1/2-1/2

[Event "Guernsey Holiday 2013"]
[Site "Guernsey GCI"]
[Date "2013.10.25"]
[Round "6"]
[White "Savident, David"]
[Black "Roberts, Malcolm A"]
[Result "1/2-1/2"]
[WhiteElo "1714"]
[BlackElo "1608"]
[PlyCount "63"]
[EventDate "2013.10.20"]
[EventType "swiss"]
[EventRounds "7"]
[SourceDate "2013.12.14"]

1. e4 e6 2. Nf3 d5 3. Nc3 dxe4 4. Nxe4 Be7 5. d4 Nf6 6. Bd3 Nbd7 7. c3 b6 8.
O-O Bb7 9. Re1 O-O 10. Qc2 Rc8 11. Bf4 Nh5 12. Bg5 Bxg5 13. Nexg5 g6 14. Be4
Bxe4 15. Qxe4 h6 16. Nxe6 fxe6 17. Qxg6+ Ng7 18. Rxe6 Rf6 19. Rxf6 Qxf6 20. Qg4
Rd8 21. Re1 Kh8 22. Nh4 Nf8 23. Re5 Re8 24. f4 c5 25. Rxe8 Nxe8 26. dxc5 bxc5
27. f5 Qe5 28. h3 Qe1+ 29. Kh2 Qe5+ 30. Kh1 Qe1+ 31. Kh2 Qe5+ 32. Kh1 1/2-1/2

[Event "Guernsey Holiday 2013"]
[Site "Guernsey GCI"]
[Date "2013.10.25"]
[Round "6"]
[White "Cook, Chris"]
[Black "Haisma, Henk"]
[Result "1-0"]
[WhiteElo "1600"]
[BlackElo "1606"]
[PlyCount "91"]
[EventDate "2013.10.20"]
[EventType "swiss"]
[EventRounds "7"]
[SourceDate "2013.12.14"]

1. f4 g6 2. Nf3 d6 3. e3 Nf6 4. d4 Bg4 5. Bd3 Bg7 6. O-O Nbd7 7. Nbd2 c5 8. c3
Qc7 9. Qe1 Nb6 10. e4 e5 11. fxe5 dxe5 12. d5 O-O 13. c4 Nbd7 14. b3 Nh5 15. h3
Bxf3 16. Rxf3 Qa5 17. Bf1 Bh6 18. g3 Nhf6 19. Qf2 Ne8 20. Bg2 Nd6 21. Qe2 Kg7
22. Nf1 Bxc1 23. Rxc1 Nf6 24. Rf2 Qc7 25. Nh2 a5 26. Rcf1 Nh5 27. Qe3 f6 28.
Ng4 Ne8 29. Kh2 Qd6 30. Nh6 Kh8 31. Bf3 Neg7 32. Bg4 b6 33. Bd1 Rae8 34. Bc2
Re7 35. Bd3 Ne8 36. Be2 Neg7 37. Ng4 Ne8 38. Qh6 Ref7 39. Ne3 Neg7 40. Nc2 Ne8
41. Bxh5 gxh5 42. Qxh5 Rg7 43. Ne3 Rg5 44. Qxg5 fxg5 45. Rxf8+ Kg7 46. Nf5+ 1-0

[Event "Guernsey Holiday 2013"]
[Site "Guernsey GCI"]
[Date "2013.10.25"]
[Round "6"]
[White "Hoogakker, Peter"]
[Black "Svenneling, Matz"]
[Result "1-0"]
[WhiteElo "1763"]
[BlackElo "1504"]
[PlyCount "117"]
[EventDate "2013.10.20"]
[EventType "swiss"]
[EventRounds "7"]
[SourceDate "2013.12.14"]

1. e4 e6 2. d4 d5 3. exd5 exd5 4. Bd3 Bd6 5. Nf3 Bg4 6. O-O Nc6 7. Re1+ Nge7 8.
c3 Bxf3 9. Qxf3 O-O 10. Qh3 Ng6 11. Nd2 Nce7 12. Nf3 Qc8 13. Qh5 f5 14. Ng5 h6
15. Nh3 Rf6 16. Bd2 Qf8 17. Re2 Qf7 18. Rae1 Nf8 19. Nf4 Neg6 20. Qf3 c6 21.
Nh5 Re6 22. Qxf5 Qxf5 23. Bxf5 Rxe2 24. Rxe2 Ne7 25. Bd3 Kf7 26. Nf4 g5 27. Nh3
Neg6 28. f3 Nf4 29. Nxf4 gxf4 30. Kf2 Ne6 31. Bf5 Ng7 32. Bc2 Kf6 33. g3 Ne6
34. g4 Rg8 35. Bf5 Ng7 36. Bd3 h5 37. h3 hxg4 38. hxg4 Rf8 39. Kg2 Rg8 40. Be1
Ne6 41. Bd2 Ng7 42. Re1 Rh8 43. Rh1 Rxh1 44. Kxh1 Kg5 45. Kg2 Kh6 46. Kh3 Bc7
47. Be1 Bd8 48. Bh4 Bxh4 49. Kxh4 Ne6 50. g5+ Nxg5 51. Kg4 Ne6 52. Bf5 Nd8 53.
Kxf4 Kg7 54. Ke5 Nf7+ 55. Ke6 Ng5+ 56. Kd7 Nxf3 57. Kc7 b5 58. Kxc6 b4 59. Kxd5
1-0

[Event "Guernsey Holiday 2013"]
[Site "Guernsey GCI"]
[Date "2013.10.25"]
[Round "6"]
[White "Kearsley, Raymond J"]
[Black "Norman, Dinah M"]
[Result "1-0"]
[WhiteElo "1672"]
[BlackElo "1736"]
[PlyCount "47"]
[EventDate "2013.10.20"]
[EventType "swiss"]
[EventRounds "7"]
[SourceDate "2013.12.14"]

1. e4 c6 2. d4 d5 3. exd5 cxd5 4. c4 Nf6 5. Nc3 e6 6. c5 Be7 7. Nf3 O-O 8. Bd3
b6 9. b4 a5 10. Na4 Nfd7 11. Qc2 Bb7 12. b5 bxc5 13. dxc5 e5 14. Bxh7+ Kh8 15.
Bf5 e4 16. Nd4 Ne5 17. O-O g6 18. Bh3 Qe8 19. Nb6 Ra7 20. c6 Nbxc6 21. bxc6
Nxc6 22. Nxc6 Bxc6 23. Bb2+ Kg8 24. Nc8 1-0

[Event "Guernsey Holiday 2013"]
[Site "Guernsey GCI"]
[Date "2013.10.25"]
[Round "6"]
[White "Borland, Tom"]
[Black "Glover, John"]
[Result "0-1"]
[WhiteElo "1615"]
[BlackElo "1712"]
[PlyCount "48"]
[EventDate "2013.10.20"]
[EventType "swiss"]
[EventRounds "7"]
[SourceDate "2013.12.14"]

1. d4 Nf6 2. Bf4 c5 3. d5 d6 4. Nc3 g6 5. e4 Bg7 6. Nf3 O-O 7. Be2 Nbd7 8. O-O
a6 9. a4 b6 10. Nd2 Ne8 11. Nc4 Ne5 12. Qd2 f5 13. Bh6 Nxc4 14. Bxc4 fxe4 15.
Bxg7 Nxg7 16. Nxe4 Qd7 17. f3 Qf5 18. Ng3 Qf4 19. Qxf4 Rxf4 20. Ne4 h6 21. Rae1
Bd7 22. g3 Rf7 23. Ra1 Nf5 24. Nc3 Ne3 0-1

[Event "Guernsey Holiday 2013"]
[Site "Guernsey GCI"]
[Date "2013.10.25"]
[Round "6"]
[White "Baart, Edwin"]
[Black "Derrick, Neil"]
[Result "0-1"]
[WhiteElo "1681"]
[BlackElo "1640"]
[PlyCount "58"]
[EventDate "2013.10.20"]
[EventType "swiss"]
[EventRounds "7"]
[SourceDate "2013.12.14"]

1. d4 Nf6 2. Nf3 e6 3. Bg5 d5 4. e3 Be7 5. c4 h6 6. Bh4 O-O 7. Nc3 b6 8. Qc2
Bb7 9. cxd5 exd5 10. Bd3 Nbd7 11. O-O c5 12. dxc5 bxc5 13. Rfd1 Rc8 14. Bf5 Rc6
15. Bxd7 Nxd7 16. Bxe7 Qxe7 17. Nxd5 Qe8 18. Nf4 Nf6 19. Rac1 Rc8 20. Qc4 Kh8
21. Rc3 Qc6 22. Rcd3 Ba6 23. Qc2 Bxd3 24. Qxd3 Rfd8 25. Qxd8+ Rxd8 26. Rxd8+
Kh7 27. h3 g5 28. Ne2 Qb6 29. Rc8 Qa6 0-1

[Event "Guernsey Holiday 2013"]
[Site "Guernsey GCI"]
[Date "2013.10.25"]
[Round "6"]
[White "Beadle, John"]
[Black "Joyeux, Gerard"]
[Result "1/2-1/2"]
[WhiteElo "1624"]
[BlackElo "1651"]
[PlyCount "80"]
[EventDate "2013.10.20"]
[EventType "swiss"]
[EventRounds "7"]
[SourceDate "2013.12.14"]

1. e4 c5 2. Nf3 a6 3. d4 cxd4 4. Nxd4 Nf6 5. Nc3 e5 6. Nf3 Bb4 7. Bd2 O-O 8.
Bd3 d5 9. Nxd5 Bxd2+ 10. Qxd2 Nxd5 11. exd5 e4 12. Bxe4 Re8 13. Qf4 f5 14. Ne5
Qc7 15. d6 Qa5+ 16. Kf1 Qxe5 17. Qxe5 Rxe5 18. Bf3 Nc6 19. Rd1 Bd7 20. g3 Rd8
21. c4 b6 22. Kg2 Na5 23. Rhe1 Rxe1 24. Rxe1 Bc6 25. Bxc6 Nxc6 26. Rd1 Kf8 27.
Kf3 Ne5+ 28. Kf4 Nxc4 29. Kxf5 Nxd6+ 30. Ke6 Nb7 31. Rxd8+ Nxd8+ 32. Kd7 Nf7
33. Kc6 Ne5+ 34. Kxb6 Nc4+ 35. Kxa6 Nxb2 36. Kb5 Ke7 37. a4 Kd7 38. a5 Nd3 39.
Kb6 Nb4 40. f4 Nd5+ 1/2-1/2

[Event "Guernsey Holiday 2013"]
[Site "Guernsey GCI"]
[Date "2013.10.25"]
[Round "6"]
[White "Collins, Alan"]
[Black "Kaye, Mike"]
[Result "1-0"]
[WhiteElo "1720"]
[BlackElo "1368"]
[PlyCount "75"]
[EventDate "2013.10.20"]
[EventType "swiss"]
[EventRounds "7"]
[SourceDate "2013.12.14"]

1. d4 Nf6 2. Nf3 g6 3. Bf4 Bg7 4. e3 O-O 5. Be2 d6 6. O-O e6 7. h3 Nc6 8. c4
Nh5 9. Bh2 f5 10. Nfd2 Nf6 11. Nc3 Qe7 12. Rc1 Nd8 13. b4 b6 14. Qb3 Bb7 15. c5
d5 16. cxb6 axb6 17. Nb5 Ne8 18. Nxc7 Rc8 19. Nxe8 Rxc1 20. Rxc1 Rxe8 21. Rc7
Qg5 22. b5 Re7 23. Rc2 Qf6 24. Bc7 Rd7 25. Bxb6 Bf8 26. a4 e5 27. Bc5 Ne6 28.
Bxf8 Nxf8 29. dxe5 Qxe5 30. Nf3 Qf6 31. Nd4 Kg7 32. a5 Ne6 33. Nxe6+ Qxe6 34.
a6 Ba8 35. Rc8 Ra7 36. Qc3+ Kh6 37. Qc5 Qf7 38. b6 1-0

[Event "Guernsey Holiday 2013"]
[Site "Guernsey GCI"]
[Date "2013.10.25"]
[Round "6"]
[White "Finch, Russell"]
[Black "Keuneke, Hanno"]
[Result "1/2-1/2"]
[WhiteElo "1606"]
[BlackElo "1767"]
[PlyCount "139"]
[EventDate "2013.10.20"]
[EventType "swiss"]
[EventRounds "7"]
[SourceDate "2013.12.14"]

1. d4 Nf6 2. Nf3 g6 3. Bg5 Bg7 4. e3 O-O 5. Bd3 d6 6. O-O c5 7. c3 Nc6 8. Nbd2
Qc7 9. Qe2 e5 10. dxc5 dxc5 11. h3 Re8 12. Bc2 Be6 13. Rfd1 h6 14. Bh4 Rad8 15.
Bg3 Nh5 16. Bh2 f5 17. Bb3 Qc8 18. Bxe6+ Qxe6 19. Qc4 e4 20. Ne1 Rd5 21. Qe2
Red8 22. Nb3 Rxd1 23. Rxd1 Rxd1 24. Qxd1 b6 25. Qd6 Qxd6 26. Bxd6 Kf7 27. Nd2
Ke6 28. Bh2 Be5 29. Bxe5 Nxe5 30. Kf1 Kd5 31. Ke2 Nf6 32. b3 b5 33. Nc2 Kc6 34.
f4 exf3+ 35. Nxf3 Nxf3 36. gxf3 Kd5 37. Na3 Kc6 38. Kd3 Nd5 39. Nc2 Nc7 40. Ne1
Ne6 41. f4 g5 42. Ng2 Kd6 43. c4 b4 44. Kc2 Ke7 45. Kd2 Kf7 46. Ke2 Kg6 47. Kf3
Kf6 48. Kg3 Ng7 49. Kf3 Ne8 50. Ne1 Nd6 51. Nd3 Ne4 52. Ne5 Ke6 53. Nd3 Kd6 54.
Ne5 Ke6 55. Nd3 Kf6 56. Ne5 a6 57. Nd3 Kg6 58. Nf2 Nc3 59. Nd3 Ne4 60. Nf2 Nxf2
61. Kxf2 Kf6 62. Kf3 h5 63. Kg3 h4+ 64. Kf3 Kg6 65. fxg5 Kxg5 66. Kg2 Kf6 67.
Kf2 Ke5 68. Kf3 Ke6 69. Kf2 Kf6 70. Ke2 1/2-1/2

[Event "Guernsey Holiday 2013"]
[Site "Guernsey GCI"]
[Date "2013.10.25"]
[Round "6"]
[White "Ruigrok, Jacques"]
[Black "Rowe, Oliver"]
[Result "1/2-1/2"]
[WhiteElo "1683"]
[BlackElo "1445"]
[PlyCount "90"]
[EventDate "2013.10.20"]
[EventType "swiss"]
[EventRounds "7"]
[SourceDate "2013.12.14"]

1. e4 d5 2. exd5 Qxd5 3. Nc3 Qd6 4. d4 Nf6 5. Nf3 a6 6. Bd3 Bg4 7. O-O e6 8.
Ne4 Nxe4 9. Bxe4 Nc6 10. c3 O-O-O 11. h3 Bh5 12. Qc2 Kb8 13. Re1 f5 14. Bxc6
Qxc6 15. Ne5 Qd5 16. Qb3 Qxb3 17. axb3 Bd6 18. b4 Bxe5 19. Rxe5 Bf7 20. b5 axb5
21. Rxb5 Rd5 22. Rb3 b6 23. Rba3 Kb7 24. Ra7+ Kc6 25. Bf4 Rc8 26. Rxc7+ Rxc7
27. Bxc7 Kb5 28. b3 Rd7 29. Be5 g6 30. Kf1 Be8 31. Ke2 Rd8 32. f3 Bc6 33. Kd3
Ra8 34. Rxa8 Bxa8 35. c4+ Kb4 36. Kc2 Bc6 37. Bd6+ Ka5 38. Kc3 b5 39. Bc7+ Ka6
40. h4 bxc4 41. bxc4 Kb7 42. Be5 Kc8 43. Kb4 Ba8 44. d5 exd5 45. cxd5 Bxd5
1/2-1/2

[Event "Guernsey Holiday 2013"]
[Site "Guernsey GCI"]
[Date "2013.10.25"]
[Round "6"]
[White "Adrian, Leopold"]
[Black "Gunn, Mike"]
[Result "0-1"]
[WhiteElo "1333"]
[BlackElo "1680"]
[PlyCount "102"]
[EventDate "2013.10.20"]
[EventType "swiss"]
[EventRounds "7"]
[SourceDate "2013.12.14"]

1. e4 e6 2. d4 d5 3. e5 c5 4. Nf3 Nc6 5. Bd3 Bd7 6. O-O cxd4 7. Nbd2 Rc8 8. Nb3
Nb4 9. Nbxd4 a6 10. Re1 Nxd3 11. cxd3 Ne7 12. Nb3 Nc6 13. d4 Nb4 14. Re2 Bb5
15. Rd2 Qc7 16. a4 Bd7 17. Re2 Nc2 18. Ra2 Nb4 19. Ra1 Be7 20. Bd2 O-O 21. Rc1
Qb6 22. Re3 Bxa4 23. Rec3 Rxc3 24. Rxc3 Na2 25. Re3 Rc8 26. Ba5 Qb5 27. Bd2 Qc4
28. Ba5 Qc2 29. Qxc2 Rxc2 30. Nfd2 Rxb2 31. g3 Bxb3 32. Nxb3 Rc2 33. Bb6 Rc6
34. Ba5 g6 35. f4 b6 36. Bd2 a5 37. Rf3 a4 38. Na1 b5 39. g4 Rc4 40. Be3 Nb4
41. f5 Nc2 42. Nxc2 Rxc2 43. fxe6 fxe6 44. Bh6 b4 45. h4 b3 46. Rf1 a3 47. h5
g5 48. Ra1 a2 49. Kf1 b2 50. Rd1 b1=Q 51. Rxb1 axb1=Q# 0-1

[Event "Guernsey Holiday 2013"]
[Site "Guernsey GCI"]
[Date "2013.10.25"]
[Round "6"]
[White "Le Maitre, Richard"]
[Black "Foran, Barry"]
[Result "0-1"]
[WhiteElo "1423"]
[BlackElo "1503"]
[PlyCount "76"]
[EventDate "2013.10.20"]
[EventType "swiss"]
[EventRounds "7"]
[SourceDate "2013.12.14"]

1. d4 c6 2. e4 d5 3. e5 c5 4. c3 Nc6 5. Bb5 Bf5 6. h3 cxd4 7. Bxc6+ bxc6 8.
cxd4 e6 9. Nc3 c5 10. Qa4+ Qd7 11. Qxd7+ Kxd7 12. Be3 cxd4 13. Bxd4 Bb4 14.
Nge2 Ne7 15. a3 Ba5 16. b4 Bc7 17. O-O Nc6 18. f4 Bd3 19. Rfe1 Nxd4 20. Nxd4
Bb6 21. Nce2 Bxe2 22. Kh2 Bxd4 23. Ra2 Bc4 24. Rc2 Rhc8 25. Rd1 Bb6 26. Rdc1
Be3 27. Re1 Bxf4+ 28. g3 Bg5 29. h4 Bh6 30. Rf2 Ke7 31. g4 g6 32. g5 Bg7 33.
Rc2 Bd3 34. Rd2 Rc2 35. Rxc2 Bxc2 36. Re2 Rc8 37. Kg1 Be4 38. Kf2 Bxe5 0-1

[Event "Guernsey Holiday 2013"]
[Site "Guernsey GCI"]
[Date "2013.10.25"]
[Round "6"]
[White "Kay, Robert"]
[Black "Dokter, Marike"]
[Result "1/2-1/2"]
[WhiteElo "1528"]
[BlackElo "1552"]
[PlyCount "83"]
[EventDate "2013.10.20"]
[EventType "swiss"]
[EventRounds "7"]
[SourceDate "2013.12.14"]

1. f4 d6 2. Nf3 Nc6 3. e3 Nf6 4. Bb5 Bd7 5. O-O a6 6. Bxc6 Bxc6 7. b3 e6 8. Bb2
Be7 9. Re1 O-O 10. d3 Nd7 11. Nd4 Bf6 12. Nxc6 bxc6 13. d4 c5 14. c4 cxd4 15.
Bxd4 e5 16. Bc3 Re8 17. f5 e4 18. Rf1 Ne5 19. Qd2 c6 20. Na3 Bg5 21. Nc2 c5 22.
Rad1 Nd3 23. Ne1 Nxe1 24. Rfxe1 Qc8 25. Qf2 Rd8 26. h4 Bh6 27. g4 g6 28. Rf1
Ra7 29. Rd5 a5 30. Rfd1 Ra6 31. Be5 Bf8 32. fxg6 Qxg4+ 33. Kh1 hxg6 34. Rf1
Qf3+ 35. Qxf3 exf3 36. Rxf3 Be7 37. Bf6 Bxf6 38. Rxf6 Kg7 39. Rf2 Re8 40. Rd3
Re4 41. Rf4 Rxf4 42. exf4 1/2-1/2

[Event "Guernsey Holiday 2013"]
[Site "Guernsey GCI"]
[Date "2013.10.25"]
[Round "6"]
[White "Harnden, Terry"]
[Black "Adrian, Louise"]
[Result "0-1"]
[WhiteElo "1527"]
[BlackElo "1403"]
[PlyCount "80"]
[EventDate "2013.10.20"]
[EventType "swiss"]
[EventRounds "7"]
[SourceDate "2013.12.14"]

1. e4 c5 2. Nf3 Nc6 3. d4 cxd4 4. Nxd4 g6 5. Nc3 Bg7 6. Be3 Nf6 7. f3 O-O 8.
Bc4 Qb6 9. Bb3 Nxe4 10. fxe4 Nxd4 11. Qd2 Nxc2+ 12. Bxc2 Qxb2 13. Rb1 Qxc3 14.
O-O Qxd2 15. Bxd2 b6 16. Bd3 Bb7 17. Rbc1 Rfe8 18. Bc4 e6 19. Bd3 Rac8 20. Rfe1
d5 21. e5 Red8 22. Bg5 Rd7 23. Rxc8+ Bxc8 24. Rc1 Bxe5 25. Rxc8+ Kg7 26. Rc1
Bd4+ 27. Kf1 e5 28. Bb5 Rd6 29. Be7 Re6 30. Rc7 e4 31. Rxa7 Bc3 32. Bg5 d4 33.
Bh4 Re5 34. Bc4 Rf5+ 35. Ke2 g5 36. Bg3 Bb4 37. Be6 d3+ 38. Ke3 d2 39. Bb3 Rf1
40. Rd7 Re1+ 0-1

[Event "Guernsey Holiday 2013"]
[Site "Guernsey GCI"]
[Date "2013.10.25"]
[Round "6"]
[White "Day, Frederick"]
[Black "Van Beek, Ronald"]
[Result "1-0"]
[WhiteElo "1512"]
[BlackElo "1390"]
[PlyCount "73"]
[EventDate "2013.10.20"]
[EventType "swiss"]
[EventRounds "7"]
[SourceDate "2013.12.14"]

1. c4 e5 2. Nc3 Nf6 3. d3 Bb4 4. Bd2 Nc6 5. a3 Bxc3 6. Bxc3 d6 7. g3 Bd7 8. Bg2
O-O 9. e3 Re8 10. Ne2 Qc8 11. h3 a5 12. f3 a4 13. g4 h6 14. O-O Nh7 15. e4 f6
16. Ng3 Ne7 17. h4 Ng6 18. h5 Nf4 19. Nf5 Nxg2 20. Kxg2 Ng5 21. Bd2 Nf7 22. Rc1
b6 23. Be3 Qb7 24. Kg3 Bxf5 25. gxf5 c5 26. Rc2 Reb8 27. Rg2 Kh7 28. Kh4 Rg8
29. Rg6 Nh8 30. Qd2 Nxg6+ 31. hxg6+ Kh8 32. Rh1 Rge8 33. Kg3 Kg8 34. Bxh6 gxh6
35. Rxh6 Re7 36. Qh2 Rh7 37. Rxh7 1-0

[Event "Guernsey Holiday 2013"]
[Site "Guernsey GCI"]
[Date "2013.10.25"]
[Round "6"]
[White "Le Messurier, Rosemary"]
[Black "Goman, Colin"]
[Result "0-1"]
[WhiteElo "1210"]
[BlackElo "1556"]
[PlyCount "52"]
[EventDate "2013.10.20"]
[EventType "swiss"]
[EventRounds "7"]
[SourceDate "2013.12.14"]

1. e4 d6 2. Nc3 Nf6 3. h3 g6 4. Nf3 Bg7 5. d4 O-O 6. Bd3 c5 7. d5 a6 8. a4 Nbd7
9. O-O Qc7 10. b3 Nxe4 11. Bxe4 Bxc3 12. Rb1 b5 13. Bb2 Bxb2 14. Rxb2 bxa4 15.
bxa4 Rb8 16. Rxb8 Qxb8 17. Qd2 Qb2 18. Re1 Qg7 19. Ng5 Nb6 20. a5 Nc4 21. Qe2
Ne5 22. g4 h6 23. Nf3 Nxf3+ 24. Qxf3 f5 25. Qd3 fxe4 26. Rxe4 Bf5 0-1

[Event "Guernsey Holiday 2013"]
[Site "Guernsey GCI"]
[Date "2013.10.25"]
[Round "6"]
[White "Jones, Sid A"]
[Black "Jones, Tim"]
[Result "1/2-1/2"]
[WhiteElo "1488"]
[BlackElo "1456"]
[PlyCount "79"]
[EventDate "2013.10.20"]
[EventType "swiss"]
[EventRounds "7"]
[SourceDate "2013.12.14"]

1. d4 d5 2. c4 c6 3. Nf3 h6 4. Nc3 Nf6 5. e3 Bg4 6. h3 Bh5 7. cxd5 Nxd5 8. Be2
e6 9. O-O Be7 10. Ne5 Bxe2 11. Qxe2 Nd7 12. Nd3 O-O 13. Bd2 Re8 14. Nxd5 exd5
15. Rac1 Nf6 16. a3 Bd6 17. Qd1 Qc7 18. Ne1 a5 19. Nf3 Qb6 20. Bc3 Rac8 21. Ne5
Qc7 22. Ng4 Ne4 23. Ne5 Nxc3 24. Rxc3 Bxe5 25. dxe5 Qxe5 26. Qc1 Re7 27. Re1
Rd7 28. Rc5 Qc7 29. Re2 b6 30. Rc3 c5 31. Rec2 Qd8 32. b4 c4 33. bxa5 bxa5 34.
Qf1 f5 35. f4 Rb8 36. Kh2 a4 37. Qe2 Rb3 38. Qd2 Qe7 39. Ra2 Qd6 40. Kh1
1/2-1/2

[Event "Guernsey Holiday 2013"]
[Site "Guernsey GCI"]
[Date "2013.10.25"]
[Round "6"]
[White "Adrian, Lucien"]
[Black "Brown, Jim"]
[Result "1-0"]
[WhiteElo "1383"]
[BlackElo "1168"]
[PlyCount "35"]
[EventDate "2013.10.20"]
[EventType "swiss"]
[EventRounds "7"]
[SourceDate "2013.12.14"]

1. e4 c6 2. d4 d6 3. Nc3 Nd7 4. Bd2 e6 5. Bd3 Be7 6. Qf3 Ngf6 7. O-O-O h6 8. h4
e5 9. dxe5 Nxe5 10. Qg3 Nxd3+ 11. cxd3 Nh5 12. Qf3 Bg4 13. Qxg4 g6 14. d4 Bf6
15. e5 dxe5 16. dxe5 Qc8 17. Qxc8+ Rxc8 18. exf6 1-0

[Event "Guernsey Holiday 2013"]
[Site "Guernsey GCI"]
[Date "2013.10.25"]
[Round "6"]
[White "Bennett, David"]
[Black "Kerr, Matthew"]
[Result "1/2-1/2"]
[WhiteElo "1392"]
[BlackElo "1434"]
[PlyCount "49"]
[EventDate "2013.10.20"]
[EventType "swiss"]
[EventRounds "7"]
[SourceDate "2013.12.14"]

1. Nf3 Nc6 2. d4 Nf6 3. Bf4 e6 4. Nbd2 d5 5. e3 Be7 6. c4 Bb4 7. a3 Bxd2+ 8.
Nxd2 O-O 9. Be2 b6 10. O-O Bd7 11. Rc1 Re8 12. b4 a5 13. b5 Ne7 14. c5 c6 15.
a4 Rc8 16. Be5 Ng6 17. Nf3 Ne4 18. Qc2 f6 19. Bf4 Nxf4 20. exf4 f5 21. Ne5 Re7
22. Qd3 bxc5 23. dxc5 cxb5 24. axb5 Nxc5 25. Qa3 1/2-1/2

[Event "Guernsey Holiday 2013"]
[Site "Guernsey GCI"]
[Date "2013.10.26"]
[Round "7"]
[White "O'Connell, Dennis"]
[Black "Stanners, Michael"]
[Result "1-0"]
[WhiteElo "1488"]
[BlackElo "1640"]
[PlyCount "55"]
[EventDate "2013.10.20"]
[EventType "swiss"]
[EventRounds "7"]
[SourceDate "2013.12.14"]

1. e4 d6 2. d4 Nf6 3. Nc3 c6 4. f4 Qa5 5. Bd3 e5 6. Nf3 Bg4 7. Be3 Na6 8. O-O
exf4 9. Bxf4 Be7 10. Kh1 O-O 11. Qe1 Nb4 12. Ne2 Qb6 13. Qg3 Nxd3 14. cxd3 Bxf3
15. Qxf3 Qd8 16. g4 Nd7 17. Ng3 Nb6 18. Rf2 Bg5 19. Nf5 Bxf4 20. Qxf4 d5 21. e5
Nc8 22. Rg1 Qd7 23. Qg5 f6 24. exf6 Rxf6 25. Re1 Rg6 26. Qf4 Rf6 27. g5 Rf8 28.
Nh6+ 1-0

[Event "Guernsey Holiday 2013"]
[Site "Guernsey GCI"]
[Date "2013.10.26"]
[Round "7"]
[White "Cook, Chris"]
[Black "Van Hoek, Wim"]
[Result "0-1"]
[WhiteElo "1600"]
[BlackElo "1700"]
[PlyCount "150"]
[EventDate "2013.10.20"]
[EventType "swiss"]
[EventRounds "7"]
[SourceDate "2013.12.14"]

1. f4 d5 2. Nf3 e6 3. e3 f5 4. d4 Nf6 5. Bd3 Bd6 6. O-O O-O 7. Nbd2 Nbd7 8. Ne5
Ne4 9. Ndf3 Nxe5 10. Nxe5 Bd7 11. Nxd7 Qxd7 12. Bxe4 fxe4 13. b3 Qe7 14. c4 c6
15. c5 Bc7 16. Bd2 Rae8 17. Be1 g5 18. Qg4 Qg7 19. Rd1 gxf4 20. Qxg7+ Kxg7 21.
Bd2 e5 22. Bc3 f3 23. g3 Kg6 24. Kf2 h5 25. Rg1 Kf5 26. b4 exd4 27. Bxd4 Be5
28. a4 Bxd4 29. Rxd4 Rg8 30. h4 Rg6 31. Rb1 Reg8 32. Rg1 R8g7 33. a5 b6 34.
cxb6 axb6 35. b5 Ke5 36. bxc6 Rxc6 37. Rgd1 Rc2+ 38. Kf1 Rd7 39. axb6 Rb2 40.
b7 Rbxb7 41. R4d2 Rb4 42. Ra2 d4 43. Ra5+ Rd5 44. Ra8 d3 45. Re8+ Kd6 46. Rh8
d2 47. Rd8+ Kc5 48. Rxd5+ Kxd5 49. Rxd2+ Kc4 50. Rd4+ Kc3 51. Rxb4 Kxb4 52. g4
hxg4 53. h5 Kc4 54. h6 Kd3 55. Kf2 g3+ 56. Kxg3 Kxe3 57. h7 f2 58. h8=Q f1=Q
59. Qc3+ Qd3 60. Qe1+ Kd4+ 61. Kh2 e3 62. Qb4+ Qc4 63. Qd6+ Kc3 64. Qa3+ Kd2
65. Qb2+ Qc2 66. Qd4+ Ke1+ 67. Kh3 e2 68. Qe3 Qh7+ 69. Kg3 Qg6+ 70. Kh4 Qg2 71.
Kh5 Kf1 72. Qf4+ Kg1 73. Qc1+ Kh2 74. Qe1 Qh3+ 75. Kg6 Qg3+ 0-1

[Event "Guernsey Holiday 2013"]
[Site "Guernsey GCI"]
[Date "2013.10.26"]
[Round "7"]
[White "Roberts, Malcolm A"]
[Black "Hoogakker, Peter"]
[Result "1/2-1/2"]
[WhiteElo "1608"]
[BlackElo "1763"]
[PlyCount "54"]
[EventDate "2013.10.20"]
[EventType "swiss"]
[EventRounds "7"]
[SourceDate "2013.12.14"]

1. e4 d6 2. d4 Nf6 3. Nc3 Nbd7 4. Nf3 e5 5. dxe5 dxe5 6. a3 Bc5 7. h3 c6 8. b4
Bb6 9. Bc4 O-O 10. O-O Re8 11. Re1 Nf8 12. Bg5 h6 13. Bh4 Ng6 14. Bg3 Nh5 15.
Qxd8 Bxd8 16. Bh2 Nhf4 17. Rad1 Bc7 18. Rd2 Be6 19. Bxe6 Nxe6 20. Red1 Rad8 21.
Rxd8 Rxd8 22. Rxd8+ Nxd8 23. Kf1 f6 24. Nd2 Ne6 25. Ne2 b5 26. f3 Bb6 27. Bg1
Bxg1 1/2-1/2

[Event "Guernsey Holiday 2013"]
[Site "Guernsey GCI"]
[Date "2013.10.26"]
[Round "7"]
[White "Kershaw, Graham J"]
[Black "Kearsley, Raymond J"]
[Result "0-1"]
[WhiteElo "1736"]
[BlackElo "1672"]
[PlyCount "26"]
[EventDate "2013.10.20"]
[EventType "swiss"]
[EventRounds "7"]
[SourceDate "2013.12.14"]

1. e4 c5 2. Nf3 e6 3. d4 cxd4 4. Nxd4 Bc5 5. c4 Qb6 6. Be3 Qxb2 7. Nb3 Bxe3 8.
fxe3 Nc6 9. N1d2 Nf6 10. Be2 Qc3 11. Kf2 O-O 12. Bf3 Ne5 13. Rc1 Nd3+ 0-1

[Event "Guernsey Holiday 2013"]
[Site "Guernsey GCI"]
[Date "2013.10.26"]
[Round "7"]
[White "Derrick, Neil"]
[Black "Savident, David"]
[Result "1/2-1/2"]
[WhiteElo "1640"]
[BlackElo "1714"]
[PlyCount "37"]
[EventDate "2013.10.20"]
[EventType "swiss"]
[EventRounds "7"]
[SourceDate "2013.12.14"]

1. d4 Nf6 2. c4 g6 3. Nc3 Bg7 4. Nf3 O-O 5. g3 d5 6. cxd5 Nxd5 7. Bg2 Nc6 8.
O-O Nxc3 9. bxc3 e6 10. Rb1 Rb8 11. Bg5 f6 12. Bf4 b6 13. e4 Bb7 14. Qb3 Re8
15. e5 Na5 16. Qc2 f5 17. Bg5 Qd7 18. Qc1 Bd5 19. a3 1/2-1/2